[Event "GER-ch49 V04 email"]
[Site "GER email"]
[Date "2017.04.03"]
[Round "?"]
[White "Hauff, Andre"]
[Black "Andersen, Jens Knud"]
[Result "1/2-1/2"]
[WhiteElo "2340"]
[BlackElo "2221"]
[PlyCount "85"]
[EventDate "2017.??.??"]
[EventType "tourn (corr)"]
[EventRounds "10"]
[EventCountry "GER"]
[SourceTitle "Corr 2020"]
[Source "ChessBase"]
[SourceDate "2019.09.30"]
[SourceVersion "1"]
[SourceVersionDate "2019.09.30"]
[SourceQuality "1"]

1. d4 Nf6 2. c4 g6 3. Nc3 Bg7 4. e4 d6 5. h3 0-0 6. Nf3 e5 7. d5 Nh5 8. g3 a5 9. Be3 Na6 10. Nd2 Nf6 11. g4 Nd7 12. a3 Kh8 13. Rg1 Bf6 14. g5 Bg7 15. h4 f5 16. exf5 gxf5 17. f3 Qe8 18. Qc2 f4 19. Bf2 Ndc5 20. Bd3 Nxd3+ 21. Qxd3 Bf5 22. Nde4 b6 23. b3 Nc5 24. Bxc5 bxc5 25. Nb5 Qd7 26. a4 Bg6 27. 0-0-0 Bh5 28. Kb2 Rf7 29. Ka2 Qh3 30. Rdf1 Qh2+ 31. Ka3 Qh3 32. Rh1 Qd7 33. Rfg1 Rff8 34. Nbc3 Rab8 35. Nb5 Ra8 36. Rh2 Rf7 37. Rhg2 Qh3 38. Rf2 Qf5 39. Qf1 Qd7 40. Rh2 Qf5 41. Nbc3 Rb8 42. Rhg2 Rff8 43. Rf2 1/2-1/2

[Event "GER-ch49 V04 email"]
[Site "GER email"]
[Date "2017.04.03"]
[Round "?"]
[White "Hitzegrad, Juergen"]
[Black "Hauff, Andre"]
[Result "1/2-1/2"]
[WhiteElo "2315"]
[BlackElo "2340"]
[PlyCount "35"]
[EventDate "2017.??.??"]
[EventType "tourn (corr)"]
[EventRounds "10"]
[EventCountry "GER"]
[SourceTitle "Corr 2020"]
[Source "ChessBase"]
[SourceDate "2019.09.30"]
[SourceVersion "1"]
[SourceVersionDate "2019.09.30"]
[SourceQuality "1"]

1. d4 Nf6 2. c4 e6 3. Nc3 Bb4 4. Qc2 0-0 5. a3 Bxc3+ 6. Qxc3 d5 7. Bg5 dxc4 8. Qxc4 b6 9. Nf3 Ba6 10. Qa4 Qd7 11. Qc2 c5 12. Bxf6 gxf6 13. dxc5 Rc8 14. Rd1 Qc6 15. e3 Bxf1 16. Kxf1 Nd7 17. Nd4 Qxc5 18. Qxc5 1/2-1/2

[Event "GER-ch49 V04 email"]
[Site "GER email"]
[Date "2017.04.03"]
[Round "?"]
[White "Huber, Martin"]
[Black "Hauff, Andre"]
[Result "1/2-1/2"]
[WhiteElo "2238"]
[BlackElo "2340"]
[PlyCount "113"]
[EventDate "2017.??.??"]
[EventType "tourn (corr)"]
[EventRounds "10"]
[EventCountry "GER"]
[SourceTitle "Corr 2020"]
[Source "ChessBase"]
[SourceDate "2019.09.30"]
[SourceVersion "1"]
[SourceVersionDate "2019.09.30"]
[SourceQuality "1"]

1. e4 e6 2. d4 d5 3. Nc3 Nf6 4. e5 Nfd7 5. f4 c5 6. Nf3 Nc6 7. Be3 a6 8. Qd2 b5 9. a3 g5 10. fxg5 cxd4 11. Nxd4 Ncxe5 12. Bd3 Bg7 13. Nce2 Nb6 14. b3 Nxd3+ 15. Qxd3 Nd7 16. Ng3 Nc5 17. Qd1 Ne4 18. Nh5 Be5 19. 0-0 Qc7 20. Nf3 Bc3 21. Nd2 Nd6 22. Nf6+ Bxf6 23. Rxf6 Nf5 24. Qe1 Nxe3 25. Qxe3 Qa7 26. Re1 Qxe3+ 27. Rxe3 d4 28. Re4 d3 29. c4 Bb7 30. Rd4 Ke7 31. Rdf4 Rhf8 32. Rh6 Rh8 33. h4 Rag8 34. Rhf6 Rg7 35. Kf1 Bc6 36. g3 h6 37. Rxh6 Rxh6 38. gxh6 Rg6 39. Rd4 Rxh6 40. Rxd3 bxc4 41. Nxc4 Rh8 42. Rc3 f5 43. Ne5 Bb5+ 44. Kf2 Rd8 45. a4 Rd2+ 46. Kf3 Be8 47. Ke3 Rd1 48. Nd3 Rg1 49. Kf2 Rd1 50. Nf4 Rd8 51. Nd3 Kf6 52. Ke3 Rb8 53. Nc5 a5 54. h5 Rb4 55. h6 Kg6 56. Kd2 Rb6 57. Re3 1/2-1/2

[Event "GER-ch46 final email"]
[Site "GER email"]
[Date "2016.09.26"]
[Round "?"]
[White "Hauff, Andre"]
[Black "Hoppe, Frank"]
[Result "1/2-1/2"]
[WhiteElo "2343"]
[BlackElo "2272"]
[PlyCount "51"]
[EventDate "2016.??.??"]
[EventType "tourn (corr)"]
[EventRounds "13"]
[EventCountry "GER"]
[SourceTitle "Corr 2017"]
[Source "ChessBase"]
[SourceDate "2017.09.19"]
[SourceVersion "1"]
[SourceVersionDate "2017.09.19"]
[SourceQuality "1"]

1. d4 Nf6 2. Nc3 d5 3. Bg5 Nbd7 4. Qd3 h6 5. Bh4 c5 6. dxc5 e6 7. 0-0-0 Be7 8. e4 Nxc5 9. Qd4 dxe4 10. Bxf6 gxf6 11. Bb5+ Bd7 12. Bxd7+ Qxd7 13. Qxd7+ Nxd7 14. Nxe4 Nc5 15. Nxc5 Bxc5 16. Rd2 Rd8 17. Re2 Ke7 18. Nf3 b5 19. Rd1 b4 20. Rd3 Rd6 21. Rxd6 Kxd6 22. g3 Rc8 23. Ne1 a5 24. Nd3 Bd4 25. Re4 e5 26. Kd2 1/2-1/2

[Event "GER-ch46 final email"]
[Site "GER email"]
[Date "2016.09.26"]
[Round "?"]
[White "Hauff, Andre"]
[Black "Seelig, Juergen"]
[Result "1-0"]
[WhiteElo "2343"]
[BlackElo "2267"]
[PlyCount "77"]
[EventDate "2016.??.??"]
[EventType "tourn (corr)"]
[EventRounds "13"]
[EventCountry "GER"]
[SourceTitle "Corr 2020"]
[Source "ChessBase"]
[SourceDate "2019.09.30"]
[SourceVersion "1"]
[SourceVersionDate "2019.09.30"]
[SourceQuality "1"]

1. d4 d5 2. c4 dxc4 3. Nf3 Nf6 4. e3 e6 5. Bxc4 c5 6. 0-0 a6 7. Bb3 Nc6 8. Nc3 cxd4 9. exd4 Be7 10. Bg5 0-0 11. Qd2 h6 12. Bf4 Re8 13. Rad1 Bf8 14. Ne5 Ne7 15. Qd3 Ned5 16. Bg3 Be7 17. f4 Rf8 18. Bh4 Nd7 19. Nxd5 Bxh4 20. Ne3 Nxe5 21. fxe5 Bd7 22. Bc2 g6 23. Ng4 Bg5 24. h4 Bb5 25. Qg3 Bxf1 26. hxg5 Qxg5 27. Nf6+ Kg7 28. Qxg5 hxg5 29. Kxf1 Rac8 30. Rd2 Rh8 31. Ke2 Rh2 32. Be4 Rc4 33. Bxb7 Rb4 34. Ne8+ Kf8 35. Nd6 a5 36. Bc6 Rh1 37. b3 Rg1 38. Kd3 Rb6 39. Bb5 1-0

[Event "GER Cup18 final email"]
[Site "GER email"]
[Date "2014.08.17"]
[Round "?"]
[White "Herfurth, Thomas"]
[Black "Hauff, Andre"]
[Result "1/2-1/2"]
[WhiteElo "2200"]
[BlackElo "2088"]
[PlyCount "101"]
[EventDate "2014.07.28"]
[EventType "tourn (corr)"]
[EventRounds "6"]
[EventCountry "GER"]
[SourceTitle "Corr 2020"]
[Source "ChessBase"]
[SourceDate "2019.09.30"]
[SourceVersion "1"]
[SourceVersionDate "2019.09.30"]
[SourceQuality "1"]

1. e4 d6 2. d4 Nf6 3. Nc3 g6 4. Nf3 Bg7 5. Be2 Bg4 6. h3 Bxf3 7. Bxf3 Nc6 8. Ne2 0-0 9. 0-0 Nd7 10. c3 e5 11. Be3 Qe7 12. Qd2 f5 13. exf5 e4 14. Bg4 gxf5 15. Bh5 Nd8 16. Ng3 Nb6 17. Bg5 Qd7 18. f3 e3 19. Qe2 f4 20. Bg4 Ne6 21. Nh5 Qe8 22. Bxe6+ Qxe6 23. Bxf4 Qd5 24. g4 Nc4 25. Rfe1 Rae8 26. Kh1 b5 27. Rad1 Nd2 28. Qg2 Qxa2 29. Re2 b4 30. Rde1 a5 31. g5 Kh8 32. d5 Re7 33. Bxe3 Nxf3 34. Rf1 Ne5 35. Rxf8+ Bxf8 36. Rf2 Bg7 37. Bd4 Qb1+ 38. Kh2 Qg6 39. Qf1 Re8 40. Nxg7 Kxg7 41. cxb4 Qe4 42. Rf4 Qxd5 43. bxa5 Qxa5 44. Kg3 Kg8 45. h4 Ng6 46. Rf7 Re7 47. Rxe7 Nxe7 48. Qc4+ d5 49. Qe2 Kf7 50. Bf6 Qb4 51. Qxe7+ 1/2-1/2

[Event "GER Cup18 final email"]
[Site "GER email"]
[Date "2014.07.22"]
[Round "?"]
[White "Emrich, Eiko"]
[Black "Hauff, Andre"]
[Result "1-0"]
[WhiteElo "2111"]
[BlackElo "2088"]
[PlyCount "67"]
[EventDate "2014.07.28"]
[EventType "tourn (corr)"]
[EventRounds "6"]
[EventCountry "GER"]
[SourceTitle "Corr 2020"]
[Source "ChessBase"]
[SourceDate "2019.09.30"]
[SourceVersion "1"]
[SourceVersionDate "2019.09.30"]
[SourceQuality "1"]

1. Nf3 Nf6 2. g3 g6 3. Bg2 Bg7 4. d4 d5 5. c4 dxc4 6. Na3 c5 7. 0-0 0-0 8. Nxc4 Be6 9. Nfe5 cxd4 10. Bxb7 Bd5 11. Bxa8 Bxa8 12. e3 Ne8 13. exd4 f6 14. Nf3 Qd5 15. Ncd2 Nd6 16. b4 Rc8 17. Qb3 Nc4 18. Nxc4 Rxc4 19. Bf4 Nd7 20. Rac1 Rxc1 21. Qxd5+ Bxd5 22. Rxc1 Bxf3 23. Rc7 Nb6 24. b5 Kf7 25. Bd6 Bf8 26. Bc5 Ke8 27. Kf1 Kd8 28. Rxa7 Nc8 29. Ra3 Bd5 30. b6 Kd7 31. Rc3 Bb7 32. Ke2 Bh6 33. f4 Bc6 34. Kd3 1-0

[Event "GER Cup18 final email"]
[Site "GER email"]
[Date "2014.07.22"]
[Round "?"]
[White "Hauff, Andre"]
[Black "Kraft, Dieter"]
[Result "1/2-1/2"]
[WhiteElo "2088"]
[BlackElo "2204"]
[PlyCount "50"]
[EventDate "2014.07.28"]
[EventType "tourn (corr)"]
[EventRounds "6"]
[EventCountry "GER"]
[SourceTitle "Corr 2020"]
[Source "ChessBase"]
[SourceDate "2019.09.30"]
[SourceVersion "1"]
[SourceVersionDate "2019.09.30"]
[SourceQuality "1"]

1. d4 d5 2. c4 c6 3. Nc3 Nf6 4. e3 e6 5. Nf3 Nbd7 6. Qc2 Bd6 7. g4 dxc4 8. Bxc4 e5 9. g5 Nd5 10. Bd2 0-0 11. Ne4 Bc7 12. 0-0-0 exd4 13. Nxd4 Ne5 14. Be2 Re8 15. Kb1 Bb6 16. Rdg1 a5 17. a3 Ng6 18. h4 Bxd4 19. exd4 Ndf4 20. Bxf4 Nxf4 21. Nf6+ gxf6 22. gxf6+ Ng6 23. h5 Qxf6 24. hxg6 hxg6 25. Bd3 Kf8 1/2-1/2

[Event "GER Cup18 final email"]
[Site "GER email"]
[Date "2014.07.22"]
[Round "?"]
[White "Hauff, Andre"]
[Black "Ulbig, Stefan"]
[Result "1/2-1/2"]
[WhiteElo "2088"]
[BlackElo "2191"]
[PlyCount "37"]
[EventDate "2014.07.28"]
[EventType "tourn (corr)"]
[EventRounds "6"]
[EventCountry "GER"]
[SourceTitle "Corr 2020"]
[Source "ChessBase"]
[SourceDate "2019.09.30"]
[SourceVersion "1"]
[SourceVersionDate "2019.09.30"]
[SourceQuality "1"]

1. d4 d5 2. c4 c6 3. Nc3 Nf6 4. e3 e6 5. Nf3 Nbd7 6. Qc2 Bd6 7. g4 Nxg4 8. Rg1 Qf6 9. Rxg4 Qxf3 10. Rxg7 Nf6 11. Qe2 Qxe2+ 12. Bxe2 Bd7 13. f3 dxc4 14. Bxc4 c5 15. dxc5 Bxc5 16. e4 Rc8 17. Bd3 h6 18. Bd2 Bc6 19. Ke2 1/2-1/2

[Event "GER M03-B email"]
[Site "GER email"]
[Date "2014.06.01"]
[Round "?"]
[White "Hauff, Andre"]
[Black "Kloster, Svetlana"]
[Result "1/2-1/2"]
[WhiteElo "2361"]
[BlackElo "2346"]
[PlyCount "35"]
[EventDate "2014.??.??"]
[EventType "tourn (corr)"]
[EventRounds "14"]
[EventCountry "GER"]
[SourceTitle "Corr 2017"]
[Source "ChessBase"]
[SourceDate "2017.09.19"]
[SourceVersion "1"]
[SourceVersionDate "2017.09.19"]
[SourceQuality "1"]

1. d4 Nf6 2. c4 e6 3. Nc3 Bb4 4. Qc2 0-0 5. a3 Bxc3+ 6. Qxc3 b6 7. Bg5 Bb7 8. f3 h6 9. Bh4 d5 10. e3 Nbd7 11. cxd5 Nxd5 12. Bxd8 Nxc3 13. Bh4 Nd5 14. Bf2 c5 15. e4 Ne7 16. Ne2 f5 17. exf5 Nxf5 18. dxc5 1/2-1/2